000 01106nam a22003137a 4500
003 CHAP
005 20220329141743.0
008 971013s1994 r 00010 d
010 _a73353
011 _a74325
035 _a83884
040 _cCHAP
082 _a323.354
_bT6
100 0 0 _aTownsend, Janet.
_9114445
245 _aVoces femeninas de las selvas
260 _aMéxico, D.F. :
_bColegio de Postgraduados,
_c1994
300 _a286 p.
590 _aBATCH-UPD
_b10
_c20130110
_lUCH01
_h1129
590 _aCONVERSION
_b10
_c20130109
_lUCH01
_h1340
650 1 4 _aMujer en comunidades rurales.
_979360
650 1 4 _aVida rural.
_9119152
901 _aBK
942 _cLIBRO
949 _a323.354 T6
_bBC
_cLIBRO
_d33724000299848
_eLIBRO
_fc.4
_h86831
_i83884
_mD
_si
949 _a323.354 T6
_bBC
_cLIBRO
_d33724000299855
_eLIBRO
_fc.5
_h86832
_i83884
_mD
_si
949 _a323.354 T6
_bBC
_cLIBRO
_d33724000299863
_eLIBRO
_fc.3
_h86830
_i83884
_mD
_si
949 _a323.354 T6
_bBC
_cLIBRO
_d33724000299871
_eLIBRO
_fc.2
_h86829
_i83884
_mD
_si
949 _a323.354 T6
_bBC
_cLIBRO
_d33724000299889
_eLIBRO
_h86828
_i83884
_mD
_si
999 _c73353
_d73353